Holy Bible (Record no. 11729)
[ view plain ]
| 000 -LEADER | |
|---|---|
| fixed length control field | 00525nam a2200217 a 4500 |
| 020 ## - INTERNATIONAL STANDARD BOOK NUMBER | |
| ISBN | |
| 082 00 - DEWEY DECIMAL CLASSIFICATION NUMBER | |
| Classification number | 225 |
| Author Cutter | INT |
| 245 ## - TITLE STATEMENT | |
| Title | Holy Bible |
| 260 ## - PUBLICATION, DISTRIBUTION, ETC. (IMPRINT) | |
| Place of publication | New Jersey |
| Name of publisher | International Bible Society |
| Year of publication | 1973 |
| 300 ## - PHYSICAL DESCRIPTION | |
| Number of Pages | 207p |
| 500 ## - GENERAL NOTE | |
| General note | includes index and biblioraphy |
| 650 ## - SUBJECT ADDED ENTRY--TOPICAL TERM | |
| Topical Term | New Testament |
| 942 ## - ADDED ENTRY ELEMENTS (KOHA) | |
| Koha item type | Books |
| Collection code | Home library | Current library | Date acquired | Cost, normal purchase price | Full call number | Accession Number | Koha item type |
|---|---|---|---|---|---|---|---|
| Henry Martyn Institute Library | Henry Martyn Institute Library | 06/21/2007 | 100.00 | 225 INT | 016085 | Books |
